Sesión inaugural del curso académico celebrada el día 31 de enero de 1971 (Record no. 76372)

MARC details
000 -LEADER
campo de control de longitud fija 01112nam a2200241 i 4500
001 - NÚMERO DE CONTROL
campo de control 76372
003 - IDENTIFICADOR DE NÚMERO DE CONTROL
campo de control ES-MaACL
005 - FECHA Y HORA DE LA ÚLTIMA TRANSACCIÓN
campo de control 20230906172824.0
007 - CAMPO FIJO DE DESCRIPCIÓN FÍSICA--INFORMACIÓN GENERAL
campo de control de longitud fija t|
008 - DATOS DE LONGITUD FIJA--INFORMACIÓN GENERAL
campo de control de longitud fija 041001s1971 sp |||| | spa d
110 2# - ENTRADA PRINCIPAL--NOMBRE DE ENTIDAD CORPORATIVA
Nombre de entidad corporativa o nombre de jurisdicción como elemento de entrada Real Academia de Medicina y Cirugía del Distrito de Granada.
9 (RLIN) 6331
245 10 - MENCIÓN DEL TÍTULO
Título Sesión inaugural del curso académico celebrada el día 31 de enero de 1971
Resto del título : memoria de Secretaría /
Mención de responsabilidad, etc. por... Don Juan A. Pulgar Ruiz ; discurso de recepción del académico... Don Diego Guevara Pozo ; discurso de contestación del académico... Don Emilio Muñoz Fernández.
246 34 - FORMA VARIANTE DEL TITULO
Título propio/Titulo breve Sesión inaugural 31 de enero de 1971
260 ## - PUBLICACIÓN, DISTRIBUCIÓN, ETC.
Lugar de publicación, distribución, etc. Granada :
Nombre del editor, distribuidor, etc. Real Academia de Medicina,
Fecha de publicación, distribución, etc. [1971]
300 ## - DESCRIPCIÓN FÍSICA
Extensión 64 p. ;
Dimensiones 24 cm.
594 ## - Nota al título y mención de responsabilidad
Nota al título y mención de responsabilidad Tít. del discurso de recepción: El cultivo "in vitro" de helmintos parásitos.
594 ## - Nota al título y mención de responsabilidad
Nota al título y mención de responsabilidad Precede al tít.: Real Academia de Medicina del Distrito de Granada.
650 #4 - PUNTO DE ACCESO ADICIONAL DE MATERIA--TÉRMINO DE MATERIA
Término de materia o nombre geográfico como elemento de entrada Helmintos.
9 (RLIN) 167027
700 1# - ENTRADA AGREGADA--NOMBRE PERSONAL
Nombre de persona Pulgar Ruiz, Juan A.
9 (RLIN) 94369
700 1# - ENTRADA AGREGADA--NOMBRE PERSONAL
Nombre de persona Guevara Pozo, Diego.
9 (RLIN) 60609
700 1# - ENTRADA AGREGADA--NOMBRE PERSONAL
Nombre de persona Muñoz Fernández, Emilio.
9 (RLIN) 84414
852 ## - LOCALIZACIÓN
Ubicación ES-MaACL
Número de control de estantería C-47451
Holdings
Estatus retirado Estado de pérdida Estado de daño No para préstamo Biblioteca de origen Biblioteca actual Ubicación en estantería Fecha de adquisición Fuente de adquisición Total de préstamos Signatura topográfica completa Código de barras Visto por última vez Precio de reemplazo Tipo de ítem Koha
        Biblioteca del Ateneo de Madrid Biblioteca del Ateneo de Madrid Depósito 2 17/01/2008     C-47451 1079925 23/02/2023 23/02/2023 Libro impreso